000 00908nas a2200277 4500
001 BR9204150
003 BR-BrBNA
005 20231205092709.0
007 ta
008 230509b bl.|||p| |||| 00| 00por d
040 _aBR-BrBNA
_bpor
_cBiblioteca Nacional de Agricultura
041 _a(En)
072 _aF03
100 1 _aSilva, H.C.
100 1 _aBraga, G.L.
100 1 _aBianchi, M. de L.P.
100 1 _aRossi, E.A.
245 1 _aEffect of germination on oligosaccharide and reducing sugar contents of brazilian soybean cultivars
246 1 _aEffect of germination on oligosaccharide and reducing sugar contents of brazilian soybean cultivars
650 _aSOJA
650 _aGERMINACAO
650 _aCOMPOSICAO QUIMICA
773 0 _tAlimentos e Nutricao (Brazil)
_xISSN 0103-4235
_g(1990), v. 2 p. 13-19
_wBR9204150
909 _a202311
_bLúcia
_c55
_dLúcia Elande
942 _2AGRIS
_n0
_cANA
999 _c133478
_d133478